000 00389nam a22001577a 4500
003 OSt
008 250611b |||||||| |||| 00| 0 eng d
020 _a9789386956798
100 _aPARBHUPAADH,Krishankrpamurti
245 _aShreemadhbhagawatam 2nd Skundh
250 _a2nd
260 _aMumbai
_bBhagativedant Book Trust
_c2021
300 _a583
650 _aGeneral
942 _2ddc
_cBK
999 _c13649
_d13649